Statistics for Smallest countries with the longest coastline - with restrictions

Click here to take the quiz!

General Stats

  • This quiz has been taken 43 times
  • The average score is 13 of 20

Answer Stats

km/km²Answer% Correct
3.5Monaco
85%
0.022Denmark
83%
0.072Greece
75%
0.048Croatia
73%
0.071Norway
73%
0.045Panama
70%
0.029Costa Rica
68%
0.033Estonia
68%
0.020Italy
68%
0.047Qatar
68%
0.049South Korea
68%
0.041Chile
65%
0.033Netherlands
65%
0.023Portugal
60%
0.022Lebanon
58%
0.022El Salvador
50%
0.034Belize
48%
0.044Gambia
48%
0.027Kuwait
48%
0.021Bangladesh
40%

Score Distribution

Percentile by Number Answered

Percent of People with Each Score

Your Score History

You have not taken this quiz